| 000 | 00444 a2200157 4500 | ||
|---|---|---|---|
| 003 | OSt | ||
| 005 | 20231127160739.0 | ||
| 008 | 231127b |||||||| |||| 00| 0 eng d | ||
| 020 | _a9788121908290 | ||
| 040 | _coclc | ||
| 082 |
_a592 _bVER/M |
||
| 245 |
_aA Manual of Practical Zoology-Invertebrates / _cP S Verma |
||
| 260 |
_aNew Delhi: _bS Chand, _c2018. |
||
| 300 | _a497p | ||
| 942 |
_2ddc _cBK _h592 _iVER/M _k592 _mVER/M |
||
| 999 |
_c43698 _d43698 |
||